Golf's Major Championship Winners since 2003 - Statistics

General Stats
  • This quiz has been taken 1,033 times
    988 since last reset
  • The average score is 26 of 44
Answer Stats
Hint Answer % Correct
2005 Masters Tiger Woods
98%
2005 British Open Tiger Woods
98%
2006 British Open Tiger Woods
98%
2006 PGA Championship Tiger Woods
98%
2007 PGA Championship Tiger Woods
98%
2008 US Open Tiger Woods
98%
2004 Masters Phil Mickelson
89%
2005 PGA Championship Phil Mickelson
89%
2006 Masters Phil Mickelson
89%
2010 Masters Phil Mickelson
89%
2013 British Open Phil Mickelson
89%
2011 US Open Rory McIlroy
79%
2012 Masters Bubba Watson
71%
2013 Masters Adam Scott
70%
2012 British Open Ernie Els
69%
2013 US Open Justin Rose
60%
2007 US Open Angel Cabrera
55%
2009 Masters Angel Cabrera
55%
2007 Masters Zach Johnson
55%
2007 British Open Padraig Harrington
54%
2008 British Open Padraig Harrington
54%
2008 PGA Championship Padraig Harrington
54%
2004 PGA Championship Vijay Singh
54%
2011 British Open Darren Clarke
49%
2010 PGA Championship Martin Kaymer
48%
2003 Masters Mike Weir
48%
2011 Masters Charl Schwartzel
44%
2013 PGA Championship Jason Dufner
44%
2003 US Open Jim Furyk
44%
2010 British Open Louis Oosthuizen
44%
2011 PGA Championship Keegan Bradley
43%
2009 British Open Stewart Cink
43%
2010 US Open Graeme McDowell
42%
2008 Masters Trevor Immelman
41%
2012 US Open Webb Simpson
41%
2004 US Open Retief Goosen
35%
2012 PGA Championship Rory McIlroy
33%
2009 PGA Championship Yang Yong-eun
33%
2003 British Open Ben Curtis
32%
2009 US Open Lucas Glover
32%
2006 US Open Geoff Ogilvy
31%
2005 US Open Michael Campbell
27%
2004 British Open Todd Hamilton
27%
2003 PGA Championship Shaun Micheel
20%
No matching quizzes found
Score Distribution
Percent of People with Each Score
Percentile by Number Answered
Your Score History
You have not taken this quiz since the last reset